Institutional development skill transference through a reversal of "Human Capital Flight" or technical assistance

Salvato in:
Dettagli Bibliografici
Autore principale: Haque, Nadeem Ul
Altri autori: Khan, M. Ali
Natura: Libro
Lingua:inglese
Pubblicazione: Washington International Monetary Fund 1997
Serie:IMF Working Paper WP/97/87
Soggetti:
Tags: Aggiungi Tag
Nessun Tag, puoi essere il primo ad aggiungerne!!

MARC

LEADER 00000nam a2200000 4500
001 c100112
005 20221124073523.6
041 0 |a eng 
044 |a US 
245 1 0 |a Institutional development  |b skill transference through a reversal of "Human Capital Flight" or technical assistance  |c Nadeem Ul Haque, M. Ali Khan 
264 1 |a Washington  |b International Monetary Fund  |c 1997 
300 |a 22 s. 
490 1 |a IMF Working Paper  |v WP/97/87 
830 0 |a IMF Working Paper  |v WP/97/87 
610 2 0 |a platy 
610 2 0 |a mzdy 
610 2 0 |a migrácia 
610 2 0 |a práca duševná 
610 2 0 |a práca kvalifikovaná 
610 2 0 |a práca riadiaca 
610 2 0 |a pohyb síl pracovných medzinárodný 
610 2 0 |a únik mozgov 
100 1 |a Haque, Nadeem Ul 
700 1 |a Khan, M. Ali